000
00374nam a2200133Ia 4500
008
151001s9999||||xx |||||||||||||| ||und||
100
_a
अमित पंडित
245
_a
गोष्ट एका पेनाची
250
_a
1
260
_b
विभासा पुस्तक महाल
260
_c
2007
300
_a
157
365
_b
18
999
_c
990022
_d
990019